[Event "25th Zadar Open 2018"]
[Site "Zadar"]
[Date "2018.12.16"]
[Round "2.10"]
[White "Ojas Kulkarni"]
[Black "Rezan, Sasa"]
[Result "0-1"]
[WhiteElo "2282"]
[BlackElo "2421"]
[Annotator "TA"]
[PlyCount "218"]
[EventDate "2018.12.15"]
[EventType "swiss"]
[EventCountry "CRO"]
[SourceTitle "playchess.com"]
[Source "ChessBase"]
[SourceQuality "1"]

{[%evp 9,218,15,12,7,29,-42,-34,-49,-45,-95,-86,-94,-93,-97,0,0,0,-8,-2,-15,0,0,0,-28,-19,-40,-34,-29,-31,-27,-20,-22,-20,-22,0,-34,-29,-106,-106,-98,-102,-110,-110,-78,-81,-212,-233,-241,-108,-153,0,-193,-50,-187,-50,-50,-50,-50,-50,-50,-50,-50,-50,-50,-50,-50,-50,-50,-50,-50,-50,-74,-74,-74,-74,-74,-74,-74,-74,-74,-52,-74,-44,-50,-44,-74,-44,-44,-43,-44,-44,-44,-44,-44,-44,-91,-91,-91,-91,-91,-82,-82,-82,-82,-82,-82,-82,-82,-82,-82,-82,-82,-82,-305,-305,-305,-305,-305,-305,-305,-305,-305,-305,-305,-305,-305,-305,-305,-305,-29979,-29980,-29980,-29981,-29981,-29982,-29982,-305,-305,-305,-305,0,-305,-305,-305,-305,-305,-305,-305,-305,-305,-305,-305,-305,-305,-305,-305,-305,-305,-305,-305,-305,-305,-305,-305,-305,-305,-305,-305,-305,-305,-305,-305,-305,-305,-305,-305,0,-305,0,-305,0,-305,-305,-305,-305,-305,-305,-305,-305,-305,-305,-305,-305,-305,-305,-305,-305,-305,-305,-305,-305,-305,0,-305,-305,-29984,-29985,-29985,-29986,-29986,-29987]} 1. c4 e6 2. Nc3 Nf6 3. e4 e5 4. f4 (4. Nf3 Nc6 5. Be2 Bb4 6. Nd5 Bc5 7. d3 h6 8. a3 d6 9. b4 Bb6 10. Nxb6 axb6 11. Bb2 O-O 12. O-O Re8 {½-½ (40) Delchev,A (2598)-Papaioannou,I (2632) Porto Rio 2015}) 4... d6 5. Nf3 Nc6 6. Be2 {A18: English Opening: Flohr-Mikenas System (1 c4 Nf6 2 Nc3 e6 3 e4)} Nh5 $146 ({Predecessor:} 6... Nd4 7. d3 Nxf3+ 8. Bxf3 Be7 9. Be3 c6 10. O-O h5 11. h3 h4 {1-0 (25) Sagar,S (2456)-Ghoorchibeygi,A (2016) Abu Dhabi 2015}) 7. d4 ({Better is} 7. f5 $11) 7... Nxf4 $15 8. Bxf4 {Black is slightly better.} exf4 9. O-O g6 10. Qd2 Bg7 11. Rad1 Bg4 (11... g5 $17 12. h3 O-O) 12. Qxf4 $11 Bxf3 13. Qxf3 {[%csl Gf1][%cal Rf3f7]} O-O 14. Qe3 a6 15. Nd5 Ne7 16. Bf3 c6 17. Nxe7+ Qxe7 18. Kh1 Rac8 19. b4 c5 20. bxc5 dxc5 21. e5 b5 22. dxc5 Rxc5 23. Rd7 (23. e6 $11 {remains equal.} fxe6 24. cxb5 axb5 25. Rfe1) 23... Qxd7 $17 24. Qxc5 Qd3 $36 {[%mdl 2048] Black is really pushing.} 25. Rc1 {[#]} Bh6 $1 {[%cal Rh6c1]} 26. Rd1 Qxc4 27. Qe7 (27. Qd5 $17 {keeps fighting.}) 27... Qxa2 $19 28. h3 Bf4 (28... a5 $19 {aiming for ...Bg7.} 29. Bg4 Qc2) 29. Rd8 {[%csl Gd8][%cal Re7f8]} Bh6 $2 (29... Qa1+ $17 30. Bd1 Bh6) 30. Bd5 $2 (30. Rd1 $11 {and White is okay.}) 30... Qa1+ 31. Kh2 Bf4+ (31... Qf1 $19 32. Rxf8+ Bxf8) 32. g3 $15 {[%csl Gd8][%cal Re7f8]} Qb2+ 33. Bg2 {[%csl Gd8][%cal Re7f8]} Bh6 {And now ...Rxd8 would win.} 34. e6 fxe6 35. Qxe6+ Kh8 36. Rxf8+ Bxf8 37. Qxa6 Qe5 38. Qc8 {[%cal Rc8f8]} Kg7 39. Qd7+ Be7 40. Qd5 Qxd5 41. Bxd5 $17 {[%mdl 4096] Endgame KB-KB} Kf6 42. Kg2 Ke5 43. Bg8 h6 44. Kf3 Bd6 45. Bf7 Kf6 46. Ba2 b4 47. Bg8 Kf5 48. Bb3 Be5 49. Bc2+ Kf6 50. Bb3 Bc3 51. Ke4 Be1 52. Kf3 Ke5 53. Bf7 g5 54. Kg4 Kd4 55. h4 Bd2 56. Kf5 Kc3 57. h5 {[#]} g4 $1 {[%mdl 512]} 58. Kxg4 b3 59. Kf3 Kc2 60. g4 Bg5 {White must now prevent ...b2.} 61. Ke2 $2 (61. Bg6+ $17 {is a better defense.} Kc1 62. Bd3) 61... b2 $19 62. Bg6+ Kc1 63. Bf5 b1=Q 64. Bxb1 Kxb1 {KB-KPP} 65. Kd1 Kb2 66. Ke2 Kc2 67. Kf2 Kd2 68. Kf3 Ke1 69. Kg2 $2 (69. Ke4 $19) 69... Ke2 70. Kg3 Ke3 71. Kg2 Bf4 72. Kf1 Kf3 $2 (72... Bg3 {mates} 73. Kg2 Kf4 74. g5 hxg5 75. h6 Be1 76. Kf1 Bc3 77. Ke2 g4 78. Kd3 Be5 79. Kd2 Kf3 80. Kc2 g3 81. Kb3 g2 82. Kc4 g1=Q 83. Kb5 Qb1+ 84. Kc6 Qe4+ 85. Kc5 Qd4+ 86. Kb5 Qd5+ 87. Kb6 Bc3 88. h7 Ba5+ 89. Ka7 Qc5+ 90. Ka8 Qc8+ 91. Ka7 Qc7+ 92. Ka8 Bb6 93. h8=Q Qa7#) 73. Ke1 Be3 (73... Kxg4 74. Kf2 $19) 74. Kd1 Bf4 75. Ke1 $1 Bc7 (75... Kxg4 76. Kf1 $19) 76. Kd2 Ke4 77. Ke2 Bb6 78. Kd2 Bd4 79. Ke2 Be3 80. Ke1 Kd3 81. Kf1 Bd4 82. Ke1 Ke3 83. Kd1 Bc3 84. Kc2 Ba1 85. Kd1 Kf3 86. Ke1 Bc3+ ({Inferior is} 86... Kxg4 87. Kf2 $11) 87. Kd1 Bb4 88. Kc2 Bc5 89. Kd1 Bd4 90. Ke1 Bb6 91. Kd1 Ba5 92. Kc2 Bc7 $2 (92... Kxg4 $19 93. Kd3 Bb6) 93. Kd1 $2 {[%mdl 8192]} (93. Kd2 $1 $11 Be5 94. Kd1) 93... Bf4 94. Ke1 $1 Be3 (94... Kxg4 95. Kf1 $19) 95. Kd1 $1 Kf2 96. Kc2 Ke2 97. Kb1 Bc5 {Hoping for ...Kf3.} 98. Kc2 Bd4 99. Kc1 Bc3 100. Kc2 Bd2 101. Kb1 Kd3 {...Kc3 is the strong threat.} 102. Kb2 Bb4 103. Kb1 Bc3 104. Kc1 Ba5 105. Kb1 Bd2 {( -> ...Kc3)} 106. Kb2 Be3 107. Kb1 $2 (107. Ka3 $19) 107... Kc3 {Black mates.} 108. Ka2 Bc1 109. Kb1 Bb2 {Accuracy: White = 60%, Black = 72%.} 0-1

[Event "25th Zadar Open 2018"]
[Site "Zadar"]
[Date "2018.12.16"]
[Round "2.21"]
[White "Sutkovic, Damir"]
[Black "Sokac, Marko"]
[Result "1/2-1/2"]
[WhiteElo "2345"]
[BlackElo "2301"]
[Annotator "NA"]
[PlyCount "95"]
[EventDate "2018.12.15"]
[EventType "swiss"]
[EventCountry "CRO"]
[SourceTitle "playchess.com"]
[Source "ChessBase"]
[SourceQuality "1"]
[TimeControl "40/5400+30:1800+30"]

1. d4 {[%emt 0:00:30]} Nf6 {[%emt 0:00:30]} 2. c4 {[%emt 0:00:00]} g6 {[%emt 0:00:00]} 3. Nc3 {[%emt 0:00:00]} d5 {[%emt 0:00:00]} 4. cxd5 {[%emt 0:00:00]} Nxd5 {[%emt 0:00:30]} 5. Bd2 {[%emt 0:00:00] LiveBook: 1883 Games} Bg7 {[%emt 0:00:30]} 6. e4 {[%emt 0:00:30]} Nxc3 {[%emt 0:00:30]} 7. Bxc3 {[%emt 0:00:00]} O-O {[%emt 0:00:30]} 8. Rc1 {[%emt 0:02:00]} c5 {[%emt 0:06:30]} 9. dxc5 {[%emt 0:02:30]} Bxc3+ {[%emt 0:00:30]} 10. Rxc3 {[%emt 0:00:30]} Qxd1+ {[%emt 0:00:30]} 11. Kxd1 {[%emt 0:00:00]} Be6 {[%emt 0:01:30]} 12. Nf3 {[%emt 0:08:00]} a5 {[%emt 0:03:30]} 13. a4 {[%emt 0:14:30]} Rd8+ $14 {[%emt 0:12:30]} 14. Kc1 {[%emt 0:06:30]} Nc6 {[%emt 0:08:30]} 15. Bb5 {[%emt 0:02:30]} Nb4 {[%emt 0:01:30]} 16. Kb1 {[%emt 0:00:30]} f6 {[%emt 0:10:30]} 17. h3 {[%emt 0:11:30]} Kg7 {[%emt 0:11:30]} 18. b3 {[%emt 0:05:30]} h5 {[%emt 0:01:30]} 19. Rhc1 {[%emt 0:02:30]} g5 {[%emt 0:00:30]} 20. Bc4 {[%emt 0:07:30]} Bxc4 {[%emt 0:01:30]} 21. Rxc4 {[%emt 0:00:30]} e5 {[%emt 0:00:30]} 22. g4 {[%emt 0:20:46]} Rd3 {[%emt 0:04:30]} 23. R4c3 {[%emt 0:01:38]} Rad8 {[%emt 0:01:30]} 24. gxh5 {[%emt 0:05:28]} Kh6 {[%emt 0:00:30]} 25. Nh2 {[%emt 0:00:54]} Kxh5 {[%emt 0:01:30]} 26. Ng4 {[%emt 0:00:07]} Kg6 {[%emt 0:00:30]} 27. Ne3 {[%emt 0:03:10]} Rd2 {[%emt 0:00:30]} 28. Nc4 {[%emt 0:02:30]} Rxf2 {[%emt 0:00:30]} 29. Nxa5 {[%emt 0:00:27]} Rdd2 {[%emt 0:01:30]} 30. Nc4 {[%emt 0:00:39]} Rde2 {[%emt 0:01:30]} 31. Re3 {[%emt 0:00:22]} Rxe3 {[%emt 0:09:30]} 32. Nxe3 {[%emt 0:00:06]} Rf3 {[%emt 0:00:30]} 33. Rc3 {[%emt 0:00:17]} Rxh3 {[%emt 0:00:30]} 34. Kb2 {[%emt 0:00:07]} Kh5 {[%emt 0:13:10]} 35. Ka3 {[%emt 0:00:59]} Nc6 {[%emt 0:04:28]} 36. b4 {[%emt 0:00:07]} g4 {[%emt 0:01:35]} 37. b5 {[%emt 0:02:17]} Nd4 {[%emt 0:00:24]} 38. Kb4 {[%emt 0:01:00]} g3 {[%emt 0:01:07]} 39. c6 {[%emt 0:01:12]} bxc6 {[%emt 0:00:51]} 40. bxc6 {[%emt 0:00:00]} Nxc6+ {[%emt 0:00:00]} 41. Rxc6 {[%emt 0:02:54]} Kg5 {[%emt 0:04:25]} 42. Rc8 {[%emt 0:20:24]} Kf4 {[%emt 0:02:30]} 43. Nd5+ {[%emt 0:00:18]} Kxe4 {[%emt 0:00:30]} 44. Nxf6+ {[%emt 0:00:07]} Kf5 {[%emt 0:00:30]} 45. Nd5 {[%emt 0:00:38]} g2 {[%emt 0:04:30]} 46. Rg8 {[%emt 0:00:47]} Ke4 {[%emt 0:00:00]} 47. Rxg2 {[%emt 0:04:55]} Kxd5 {[%emt 0:00:00]} 48. a5 {[%emt 0:00:11]} 1/2-1/2

[Event "25th Zadar Open 2018"]
[Site "Zadar"]
[Date "2018.12.16"]
[Round "2.22"]
[White "Blagojevic, Tijana"]
[Black "Paszewski, Mateusz"]
[Result "1/2-1/2"]
[WhiteElo "2208"]
[BlackElo "2342"]
[Annotator "NA"]
[PlyCount "73"]
[EventDate "2018.12.15"]
[EventType "swiss"]
[EventCountry "CRO"]
[SourceTitle "playchess.com"]
[Source "ChessBase"]
[SourceQuality "1"]
[TimeControl "40/5400+30:1800+30"]

1. e4 {[%emt 0:04:30]} c6 {[%emt 0:00:30]} 2. d4 {[%emt 0:00:30]} d5 {[%emt 0:00:00]} 3. e5 {[%emt 0:00:00]} Bf5 {[%emt 0:00:00]} 4. Nd2 {[%emt 0:00:00]} e6 {[%emt 0:00:00]} 5. Nb3 {[%emt 0:00:00]} Nd7 {[%emt 0:00:00]} 6. Nf3 {[%emt 0:00:00]} h6 {[%emt 0:01:30]} 7. Be2 {[%emt 0:00:30]} Ne7 {[%emt 0:00:00]} 8. O-O {[%emt 0:00:00]} g5 {[%emt 0:00:00]} 9. Ne1 {[%emt 0:00:00]} Qc7 {[%emt 0:00:30]} 10. Bg4 {[%emt 0:02:30]} c5 {[%emt 0:09:30]} 11. c3 {[%emt 0:03:30]} Bg7 {[%emt 0:04:30]} 12. Be3 {[%emt 0:01:30]} (12. Bxf5 $14 Nxf5 13. dxc5) 12... O-O-O {[%emt 0:20:30]} 13. Rc1 $15 {[%emt 0:05:30]} Bxg4 {[%emt 0:15:30]} 14. Qxg4 {[%emt 0:00:30]} h5 {[%emt 0:00:00]} 15. Qe2 {[%emt 0:03:30]} Rdg8 {[%emt 0:13:00]} 16. c4 {[%emt 0:03:30]} dxc4 {[%emt 0:06:30]} 17. Rxc4 {[%emt 0:01:30]} Kb8 {[%emt 0:00:30]} 18. Nxc5 {[%emt 0:01:30]} Nxc5 {[%emt 0:00:30]} 19. Rxc5 {[%emt 0:00:30]} Qd7 {[%emt 0:00:30]} 20. Nd3 {[%emt 0:06:30]} Nd5 {[%emt 0:03:30]} 21. Rfc1 {[%emt 0:01:30]} Bf8 {[%emt 0:00:30]} 22. R5c4 {[%emt 0:01:30]} Be7 {[%emt 0:01:30]} 23. b4 {[%emt 0:02:30]} g4 {[%emt 0:01:30]} 24. Nc5 {[%emt 0:14:30]} Bxc5 {[%emt 0:03:25]} 25. dxc5 {[%emt 0:00:30]} Rc8 {[%emt 0:00:27]} 26. c6 {[%emt 0:07:30]} Rxc6 {[%emt 0:01:48]} 27. Rxc6 {[%emt 0:00:30]} bxc6 {[%emt 0:00:02]} 28. Bc5 {[%emt 0:01:30]} Kb7 {[%emt 0:03:32]} 29. Bd6 {[%emt 0:02:30]} f5 {[%emt 0:01:48]} 30. Rc5 {[%emt 0:00:30]} Rc8 {[%emt 0:03:30]} 31. Ra5 {[%emt 0:01:30]} Ka8 {[%emt 0:03:45]} 32. Qc4 {[%emt 0:02:30]} h4 {[%emt 0:01:20]} 33. Bc5 {[%emt 0:05:30]} Rc7 {[%emt 0:00:04]} 34. Bd6 {[%emt 0:00:30]} Rc8 {[%emt 0:00:05]} 35. Bc5 {[%emt 0:00:30]} Rc7 {[%emt 0:00:01]} 36. Bd6 {[%emt 0:00:00]} Rc8 {[%emt 0:02:31]} 37. Bc5 {[%emt 0:06:00]} 1/2-1/2

[Event "25th Zadar Open 2018"]
[Site "Zadar"]
[Date "2018.12.16"]
[Round "2.23"]
[White "Plenca, Jadranko"]
[Black "Der Manuelian, Haik"]
[Result "1-0"]
[WhiteElo "2475"]
[BlackElo "2262"]
[Annotator "TA"]
[PlyCount "81"]
[EventDate "2018.12.15"]
[EventType "swiss"]
[EventCountry "CRO"]
[SourceTitle "playchess.com"]
[Source "ChessBase"]
[SourceQuality "1"]

{[%evp 16,81,8,7,11,0,0,-7,-10,-29,-15,-14,0,0,7,-6,-5,0,0,0,3,6,41,52,41,42,35,36,35,33,45,45,44,55,52,48,106,139,160,172,173,155,233,217,210,151,158,169,152,10,304,305,262,284,272,229,337,341,645,630,1456,1030,5297,5289,1920,1481,6310,5302]} 1. e4 e5 2. Nf3 Nc6 3. Bb5 Nf6 4. d3 Bc5 5. Nbd2 (5. c3 O-O 6. O-O d5 7. Nbd2 dxe4 8. dxe4 a5 9. Bxc6 bxc6 10. Nxe5 Re8 11. Nb3 Qxd1 12. Rxd1 Bb6 13. Nc4 Nxe4 14. Nxb6 cxb6 {½-½ (43) Sethuraman,S (2673)-Giri,A (2780) Douglas 2018}) 5... d6 6. c3 {C65: Ruy Lopez: Berlin Defence (3...Nf6), unusual lines and 4 0-0 Bc5} a6 7. Bxc6+ bxc6 8. O-O O-O 9. Qc2 {LiveBook: 3 Games} Bb6 10. a4 Re8 11. a5 Ba7 12. Nc4 $146 ({Predecessor:} 12. Re1 Bg4 13. h3 Bh5 14. Qa4 c5 15. Qc6 {1-0 (46) Saric,I (2677)-Bosiocic,M (2605) Pozega 2018}) 12... h6 13. Be3 Be6 14. Bxa7 Rxa7 15. Ne3 c5 16. d4 exd4 17. cxd4 Bd7 18. dxc5 Nxe4 19. c6 Bc8 20. Rfe1 Nf6 21. Nd4 Ra8 22. b4 Re5 23. Qd3 Qe8 24. Nec2 Qd8 25. f4 $36 {[%mdl 2048] White fights for an advantage.} Rh5 (25... Rxe1+ $14 26. Rxe1 d5) 26. h3 $16 Rb8 27. f5 Rg5 28. Qf3 $1 g6 (28... Rb5 $16 {was called for.}) 29. fxg6 $18 Rxg6 30. Re2 d5 31. Rf1 Qd6 {[#]} 32. Kh1 (32. Qf4 $1 $16 {[%cal Rf4d6] aiming for Qxd6.} Qxf4 33. Rxf4) 32... Be6 $2 {[%mdl 8192]} (32... Qf8 $1 $11 {and Black is okay.}) 33. Nxe6 fxe6 34. Nd4 {[%cal Bc2d4,Bd4e6,Be6f4][%mdl 32]} Re8 {[#]} 35. b5 $1 axb5 (35... Kh8 $142 36. bxa6 Ne4) 36. a6 ({Stronger than} 36. Nxb5 Qxc6 37. Nc3 Kg7 $11) 36... Kh7 $2 (36... Kh8 37. Qc3 (37. Nxb5 Qxc6 {[%mdl 64] Double Attack} 38. a7 Ne4 $11) 37... e5) 37. a7 {White is clearly winning.} Qc5 38. Nxe6 Qxa7 39. Qf5 {Nf8+! would kill now.} Qa3 40. Nf4 {[%mdl 64] Double Attack} Reg8 41. Re6 {Accuracy: White = 71%, Black = 42%.} 1-0

[Event "25th Zadar Open 2018"]
[Site "Zadar"]
[Date "2018.12.16"]
[Round "2.24"]
[White "Ivekovic, Bozidar"]
[Black "Bosnjak, Petar"]
[Result "0-1"]
[WhiteElo "2406"]
[BlackElo "2255"]
[Annotator "NA"]
[PlyCount "80"]
[EventDate "2018.12.15"]
[EventType "swiss"]
[EventCountry "CRO"]
[SourceTitle "playchess.com"]
[Source "ChessBase"]
[SourceQuality "1"]
[TimeControl "40/5400+30:1800+30"]

1. d4 {[%emt 0:00:30]} Nf6 {[%emt 0:00:30]} 2. c4 {[%emt 0:00:00]} e6 {[%emt 0:00:00]} 3. g3 {[%emt 0:00:00]} d5 {[%emt 0:00:00]} 4. Bg2 {[%emt 0:00:30]} Be7 {[%emt 0:00:30]} 5. Nf3 {[%emt 0:00:00]} O-O {[%emt 0:00:00]} 6. O-O {[%emt 0:00:00]} dxc4 {[%emt 0:00:00]} 7. Qc2 {[%emt 0:00:30]} a6 {[%emt 0:00:30]} 8. a4 {[%emt 0:00:00]} Bd7 {[%emt 0:00:30]} 9. Qxc4 {[%emt 0:05:00]} Bc6 {[%emt 0:00:30]} 10. Nc3 {[%emt 0:01:30]} b5 {[%emt 0:02:30]} 11. Qd3 {[%emt 0:06:30]} b4 {[%emt 0:01:30]} 12. Nb1 {[%emt 0:01:30]} Be4 {[%emt 0:03:30]} 13. Qd1 {[%emt 0:13:30]} c5 {[%emt 0:05:30]} 14. Nbd2 {[%emt 0:04:30]} Bd5 {[%emt 0:03:30]} 15. dxc5 $15 {[%emt 0:01:30] LiveBook: 26 Games} Nbd7 {[%emt 0:08:30]} 16. c6 {[%emt 0:06:30]} Bxc6 {[%emt 0:11:30]} 17. Nc4 {[%emt 0:11:30]} Bd5 {[%emt 0:05:30]} 18. Ne3 {[%emt 0:01:30]} Be4 {[%emt 0:01:30]} 19. Nd2 {[%emt 0:04:30]} Bxg2 {[%emt 0:00:30]} 20. Kxg2 {[%emt 0:00:30]} Qc7 {[%emt 0:03:30]} 21. Nec4 {[%emt 0:05:30]} Nc5 {[%emt 0:11:30]} 22. Kg1 {[%emt 0:08:30]} Rac8 {[%emt 0:05:30]} 23. a5 {[%emt 0:02:30]} Nce4 {[%emt 0:04:30]} 24. Nb6 {[%emt 0:05:30]} Rcd8 {[%emt 0:02:30]} 25. Qe1 {[%emt 0:00:30]} Bc5 {[%emt 0:08:30]} 26. Kg2 {[%emt 0:03:26]} Bxb6 {[%emt 0:02:50]} 27. axb6 {[%emt 0:04:40]} Qxb6 {[%emt 0:00:18]} 28. Nc4 {[%emt 0:02:57]} Qb5 {[%emt 0:00:47]} 29. Na5 {[%emt 0:01:12]} Rc8 {[%emt 0:03:45]} 30. Nb3 {[%emt 0:01:08]} Qd5 {[%emt 0:01:53]} 31. f3 {[%emt 0:02:36]} Qxb3 {[%emt 0:00:22]} 32. fxe4 {[%emt 0:00:05]} Rc2 {[%emt 0:00:30]} 33. Qf2 {[%emt 0:03:46]} Qc4 {[%emt 0:01:31]} 34. Re1 {[%emt 0:00:12]} Nxe4 {[%emt 0:01:02]} 35. Qf3 {[%emt 0:00:08]} b3 {[%emt 0:01:07]} 36. Be3 {[%emt 0:00:24]} Rxb2 {[%emt 0:01:01]} 37. Rad1 {[%emt 0:00:08]} e5 {[%emt 0:04:58]} 38. Kh1 {[%emt 0:00:38]} Rc2 {[%emt 0:00:28]} 39. Rf1 {[%emt 0:01:05]} h6 {[%emt 0:00:48]} 40. Kg1 {[%emt 0:00:00]} Qxe2 {[%emt 0:01:28]} 0-1

[Event "25th Zadar Open 2018"]
[Site "Zadar"]
[Date "2018.12.16"]
[Round "2.25"]
[White "Bilobrk, Franjo"]
[Black "Warakomska, Anna"]
[Result "1-0"]
[WhiteElo "2364"]
[BlackElo "2233"]
[Annotator "NA"]
[PlyCount "91"]
[EventDate "2018.12.15"]
[EventType "swiss"]
[EventCountry "CRO"]
[SourceTitle "playchess.com"]
[Source "ChessBase"]
[SourceQuality "1"]
[TimeControl "40/5400+30:1800+30"]

1. d4 {[%emt 0:00:30]} d5 {[%emt 0:00:30]} 2. c4 {[%emt 0:00:00]} c6 {[%emt 0:00:00]} 3. Nf3 {[%emt 0:00:00]} Nf6 {[%emt 0:00:00]} 4. Nc3 {[%emt 0:00:30]} dxc4 {[%emt 0:00:30]} 5. a4 {[%emt 0:00:30]} Bf5 {[%emt 0:00:30]} 6. Ne5 {[%emt 0:00:30]} e6 {[%emt 0:00:30]} 7. f3 {[%emt 0:04:30]} Bb4 {[%emt 0:01:30]} 8. e4 {[%emt 0:00:30]} Bxe4 {[%emt 0:01:30]} 9. fxe4 {[%emt 0:01:30]} Nxe4 {[%emt 0:00:00]} 10. Bd2 {[%emt 0:01:30]} Qxd4 {[%emt 0:01:00]} 11. Nxe4 {[%emt 0:00:30]} Qxe4+ {[%emt 0:00:00]} 12. Qe2 {[%emt 0:00:30]} Bxd2+ {[%emt 0:00:00]} 13. Kxd2 {[%emt 0:00:00]} Qd5+ {[%emt 0:00:00]} 14. Kc2 {[%emt 0:03:00]} Na6 {[%emt 0:02:00]} 15. Nxc4 {[%emt 0:03:30]} O-O-O {[%emt 0:18:30]} 16. Qe5 $14 {[%emt 0:09:30] LiveBook: 52 Games} f6 {[%emt 0:08:30]} 17. Qxd5 {[%emt 0:02:30]} cxd5 {[%emt 0:00:30]} 18. Na3 {[%emt 0:08:30]} Nc5 {[%emt 0:03:30]} 19. b4 {[%emt 0:00:30]} Ne4 {[%emt 0:03:30]} 20. a5 {[%emt 0:04:30]} e5 {[%emt 0:24:30]} 21. a6 {[%emt 0:01:30]} b6 {[%emt 0:04:30]} 22. Bd3 {[%emt 0:09:30]} Nd6 {[%emt 0:03:30]} 23. Rhd1 {[%emt 0:01:30]} Kd7 {[%emt 0:08:20]} 24. Kb3 {[%emt 0:03:30]} f5 {[%emt 0:09:57]} 25. Rac1 {[%emt 0:01:30]} Rc8 {[%emt 0:05:57]} 26. Nb5 {[%emt 0:04:30]} e4 {[%emt 0:00:58]} 27. Nxd6 {[%emt 0:07:30]} Rxc1 {[%emt 0:00:15]} 28. Rxc1 {[%emt 0:00:30]} Kxd6 {[%emt 0:00:03]} 29. Bb5 {[%emt 0:00:30]} d4 {[%emt 0:01:45]} 30. Rc6+ {[%emt 0:00:30]} Ke5 {[%emt 0:00:05]} 31. Rc7 {[%emt 0:01:30]} d3 {[%emt 0:00:04]} 32. Kc3 {[%emt 0:00:30]} Rd8 {[%emt 0:00:32]} 33. Rxa7 {[%emt 0:05:30]} d2 {[%emt 0:00:05]} 34. Be2 {[%emt 0:00:30]} d1=Q {[%emt 0:00:42]} 35. Bxd1 {[%emt 0:00:30]} Rxd1 {[%emt 0:00:03]} 36. Re7+ {[%emt 0:05:30]} Kf4 {[%emt 0:02:07]} 37. Kc4 {[%emt 0:00:34]} Rd2 {[%emt 0:01:56]} 38. a7 {[%emt 0:00:26]} Ra2 {[%emt 0:00:26]} 39. Kb5 {[%emt 0:00:30]} Ke3 {[%emt 0:00:33]} 40. Kxb6 {[%emt 0:00:00]} Kd2 {[%emt 0:00:00]} 41. b5 {[%emt 0:02:00]} e3 {[%emt 0:00:42]} 42. Kb7 {[%emt 0:00:30]} e2 {[%emt 0:01:30]} 43. a8=Q {[%emt 0:00:30]} Rxa8 {[%emt 0:00:00]} 44. Kxa8 {[%emt 0:00:00]} e1=Q {[%emt 0:00:00]} 45. Rxe1 {[%emt 0:00:00]} Kxe1 {[%emt 0:00:00]} 46. b6 {[%emt 0:00:00]} 1-0

[Event "25th Zadar Open 2018"]
[Site "Zadar"]
[Date "2018.12.16"]
[Round "2.26"]
[White "Nester, Ihor"]
[Black "Kantorik, Marian"]
[Result "1-0"]
[WhiteElo "2337"]
[BlackElo "2223"]
[Annotator "NA"]
[PlyCount "81"]
[EventDate "2018.12.15"]
[EventType "swiss"]
[EventCountry "CRO"]
[SourceTitle "playchess.com"]
[Source "ChessBase"]
[SourceQuality "1"]
[TimeControl "40/5400+30:1800+30"]

1. Nf3 {[%emt 0:08:30]} d5 {[%emt 0:00:30]} 2. d4 {[%emt 0:00:00]} Nc6 {[%emt 0:00:30]} 3. Bf4 {[%emt 0:02:00]} e6 {[%emt 0:02:30]} 4. e3 {[%emt 0:01:30]} Bd6 {[%emt 0:00:30]} 5. Bg3 {[%emt 0:00:30]} Nge7 {[%emt 0:00:30]} 6. a3 {[%emt 0:03:30]} Nf5 {[%emt 0:02:30]} 7. Bxd6 {[%emt 0:04:30]} Nxd6 {[%emt 0:02:30]} 8. Nbd2 {[%emt 0:00:30]} O-O {[%emt 0:04:30]} 9. Bd3 {[%emt 0:00:30]} b6 {[%emt 0:00:30]} 10. Ne5 $11 {[%emt 0:20:30]} Nxe5 {[%emt 0:08:30]} 11. dxe5 {[%emt 0:00:00]} Nf5 {[%emt 0:00:30]} 12. Qg4 {[%emt 0:10:00]} f6 {[%emt 0:03:30]} 13. e4 {[%emt 0:10:30]} Nh6 {[%emt 0:03:30]} 14. Qh5 {[%emt 0:01:30]} Bb7 {[%emt 0:11:30]} 15. O-O {[%emt 0:05:30]} dxe4 {[%emt 0:13:30]} 16. Nxe4 {[%emt 0:06:30]} Qd5 {[%emt 0:01:30]} 17. f3 {[%emt 0:06:05]} c5 {[%emt 0:08:30]} 18. Rad1 {[%emt 0:02:51]} Rad8 {[%emt 0:02:30]} 19. Nxf6+ {[%emt 0:03:14]} Rxf6 {[%emt 0:00:30]} 20. Be2 {[%emt 0:04:39]} Nf7 {[%emt 0:12:11]} 21. Rxd5 {[%emt 0:00:42]} Rxd5 {[%emt 0:00:05]} 22. f4 {[%emt 0:00:49]} Rf5 {[%emt 0:05:53]} 23. Qh3 {[%emt 0:00:15]} Rd2 {[%emt 0:01:23]} 24. Bf3 {[%emt 0:00:40]} Bxf3 {[%emt 0:01:32]} 25. Qxf3 {[%emt 0:00:03]} g5 {[%emt 0:00:48]} 26. Qc3 {[%emt 0:00:42]} Rd4 {[%emt 0:02:44]} 27. fxg5 {[%emt 0:00:23]} Rxg5 {[%emt 0:01:02]} 28. Qh3 {[%emt 0:02:05]} Rxe5 {[%emt 0:00:59]} 29. Qg3+ {[%emt 0:00:34]} Rg5 {[%emt 0:02:09]} 30. Qc7 {[%emt 0:00:36]} Rf5 {[%emt 0:02:48]} 31. Rxf5 {[%emt 0:00:17]} exf5 {[%emt 0:00:06]} 32. Qxa7 {[%emt 0:01:06]} Rd1+ {[%emt 0:03:10]} 33. Kf2 {[%emt 0:00:02]} Rd2+ {[%emt 0:00:00]} 34. Kg3 {[%emt 0:00:41]} Rxc2 {[%emt 0:00:18]} 35. Qxb6 {[%emt 0:00:11]} c4 {[%emt 0:00:43]} 36. a4 {[%emt 0:00:25]} c3 {[%emt 0:00:27]} 37. Qb8+ {[%emt 0:02:49]} Kg7 {[%emt 0:00:12]} 38. Qb3 {[%emt 0:00:19]} f4+ {[%emt 0:01:27]} 39. Kxf4 {[%emt 0:00:46]} Rxg2 {[%emt 0:02:25]} 40. Qxc3+ {[%emt 0:00:00]} Kh6 {[%emt 0:00:00]} 41. Qh3+ {[%emt 0:00:16]} 1-0